00451 2200181 4500001002100000005001500021008004100036035002000077082000800097084001400105100001900119245005200138250000600190260003600196300001100232650001400243990001200257INLIS00000000000017420240502114341240502 0 ind  a0010-0424000150 a700 a700 DWI r aCahyati A, Dwi1 aRagam Wayang Dan Gamelan Jawa /cDwi Cahyati A. a1 aBanten :bPantja Simpati,c2011 a56 hlm 4aNon Fiksi a0732481